000 00238nam a22000857a 4500
008 161128b xxu||||| |||| 00| 0 eng d
100 _91492
_aBatten. D
245 _aThe revised and expanded answers book
260 _aUSA
_bMaster Publication
_c1990
999 _c4217
_d4217